Statistics for Capitals of the Adriatic Sea - 30 Second Rush

Click here to take the quiz!

General Stats

  • This quiz has been taken 6 times
  • The average score is 5 of 6

Answer Stats

Answer% Correct
Rome
100%
Tirana
100%
Zagreb
100%
Podgorica
83%
Sarajevo
83%
Ljubiljana
0%

Score Distribution

Percentile by Number Answered

Percent of People with Each Score

Your Score History

You have not taken this quiz